| 000 | 01201cam a22003497a 4500 | ||
|---|---|---|---|
| 003 | CHAP | ||
| 005 | 20220817043135.0 | ||
| 008 | 971013s1957 r 00010 d | ||
| 010 | _a66692 | ||
| 011 | _a67664 | ||
| 035 | _a77135 | ||
| 040 | _cCHAP | ||
| 082 |
_a333.76 _bF32y |
||
| 110 | _aFAO | ||
| 245 | 0 |
_aMejora del arrendamiento rĂºstico _b: estudio de la FAO sobre tenencia de la tierra |
|
| 260 |
_aRoma : _bFAO, _c1957 |
||
| 300 | _a67 p. | ||
| 490 | 0 |
_aFAO. Estudios agropecuarios _v; 35 |
|
| 590 |
_aBATCH-UPD _b10 _c20130110 _lUCH01 _h0138 |
||
| 590 |
_aBATCH-UPD _b10 _c20130110 _lUCH01 _h1934 |
||
| 590 |
_aCONVERSION _b10 _c20130109 _lUCH01 _h1337 |
||
| 650 | 1 | 4 |
_aTierras _xTenencia. _9113130 |
| 700 | 0 |
_aTimmons, John F. _9113335 |
|
| 830 | 0 |
_aFAO. Estudios agropecuarios _v; 35 _939546 |
|
| 901 | _aBK | ||
| 942 | _cLIBRO | ||
| 949 |
_a333.76 F32y _bBC _cFAO _d-29998 _eFAO1 _h3955 _i77135 _si |
||
| 949 |
_a333.76 F32y _bBC _cFAO _d-96829 _eFAO2 _fc.2 _h3956 _i77135 _si |
||
| 949 |
_a333.76 F32y _bBC _cFAO _d-96830 _eFAO2 _fc.3 _h3957 _i77135 _si |
||
| 949 |
_a333.76 F32y _bBC _cFAO _d-96832 _eFAO2 _fc.4 _h3958 _i77135 _si |
||
| 949 |
_a333.76 F32y _bBC _cFAO _d33724000672234 _eFAO2 _fc.5 _h3959 _i77135 _si |
||
| 999 |
_c66692 _d66692 |
||